History Chain Quiz #2 - Statistics

General Stats
  • This quiz has been taken 248 times
  • The average score is 8 of 15
Answer Stats
Clue Answer % Correct
Egyptian canal finished in 1869 Suez Canal
94%
Racist segregation of South Africa Apartheid
81%
Peruvian city built by Francisco Pizarro Lima
75%
Intellectual and cultural age of Europe Renaissance
72%
Napoleon was exiled to this island Elba
68%
First Yorkist King of England Edward IV
67%
Southern rival of the Roman Republic Carthage
64%
Roman Emperor Nero
63%
Original site of the Olympics Olympia
54%
Currency inspired by the denarius Dinar
51%
Nation dissolved after World War I Austria Hungary
44%
Capital of the Umayyad Caliphate Damascus
44%
Mongol house founded by Kublai Khan Yuan
17%
Ashoka belonged to this dynasty Maurya
11%
Ancient Ethiopian kingdom Axum
5%
No matching quizzes found
Score Distribution
Percent of People with Each Score
Percentile by Number Answered
Your Score History
You have not taken this quiz